00773nam a2200193 4500001000700000003000900007005001700016007000300033008004100036100002700077245013200104260005800236300002200294700003700316710005300353852003200406999001900438952012200457140037ES-MaACL20230906200000.0t|070214s1966 sp r ||||1| spa d1 aSchmitt, Carl.910451710aTeoría del partisano b: anotación al concepto de lo político /cCarl Schmitt ; [traducción de Anima Schmitt de Otero]. aMadrid : bInstituto de Estudios Políticos, c1966. a131 p. ; c21 cm.1 aSchmitt de Otero, Anima.91045252 aInstituto de Estudios Políticos (Madrid)94924 aES-MaACLjC-31872 bR.61977 c140037d140037 00104070aATENEOMbATENEOMcDEPO2d2008-01-17eSCl0oC-31872p1145727r2023-02-23 00:00:00w2023-02-23yMONOGRAFIA